000 00634nam a2200181 a 4500
001 000043918
005 20201002045037.0
008 140508s1999 sp 000 0 spa d
020 _a8472328392
040 _aDO-SdBNP
_bspa
_cBNPHU
100 1 _aJurado, Ramón H.
_971825
245 1 0 _aDesertores /
_cRamón H. Jurado.
260 _aMadrid :
_bAgencia Española de Cooperación Internacional
_v16
_c1999.
300 _a232 ;
_c23 cm.
490 1 _aBiblioteca Libreria Iberoamericana
504 _aIncluye referencias bibliográficas y notas al pie de las páginas
830 0 _aBiblioteca Libreria Iberoamericana y Filipina
_v16
_971826
999 _c43407
_d43407